Low-cost primary education implementing an innovation in six nations (Record no. 1382088)

MARC details
000 -LEADER
fixed length control field 00613nam a2200205Ia 4500
005 - DATE AND TIME OF LATEST TRANSACTION
control field 20250508163306.0
008 - FIXED-LENGTH DATA ELEMENTS--GENERAL INFORMATION
fixed length control field 008 250505s9999 xx 000 0 eng d
020 ## - INTERNATIONAL STANDARD BOOK NUMBER
International Standard Book Number 0-88936-482-6
037 ## - SOURCE OF ACQUISITION
Stock number Textual
040 ## - CATALOGING SOURCE
Original cataloging agency FEDL
Language of cataloging eng
Transcribing agency FEDL
041 ## - LANGUAGE CODE
Language code of text/sound track or separate title eng
Source of code eng
084 ## - COLON CLASSIFICATION NUMBER
Classification number 372, CUM
Assigning agency FEDL
100 ## - MAIN ENTRY--PERSONAL NAME
Personal name Cummings William K
245 #0 - TITLE STATEMENT
Title Low-cost primary education implementing an innovation in six nations
260 ## - PUBLICATION, DISTRIBUTION, ETC.
Place of publication, distribution, etc. Ottawa
Name of publisher, distributor, etc. International Development Research Centre
Date of publication, distribution, etc. 1986
300 ## - PHYSICAL DESCRIPTION
Extent x,126p.
650 ## - SUBJECT ADDED ENTRY--TOPICAL TERM
Topical term or geographic name entry element Elementary Education
942 ## - ADDED ENTRY ELEMENTS (KOHA)
Koha item type Textual
Classification part 372, CUM
Holdings
Withdrawn status Lost status Damaged status Not for loan Home library Current library Date acquired Total Checkouts Full call number Barcode Date last seen Price effective from Koha item type
        Department of Education Library Department of Education Library 2025-05-08   372, CUM EL0075382 2025-05-08 2025-05-08 Textual
Copyright @ Delhi University Library System